| 000 | 00695nam a22002177a 4500 | ||
|---|---|---|---|
| 003 | BD-DhJNU | ||
| 005 | 20260126053314.0 | ||
| 008 | 260126b |||||||| |||| 00| 0 eng d | ||
| 020 | _a9789353024741 | ||
| 020 | _a9789353024758 | ||
| 040 |
_aBD-DhJNU _bENG _cBD-DhJNU _dBD-DhJNU |
||
| 082 |
_223 _a327.538055 |
||
| 100 | _aHiro, Dilip | ||
| 245 |
_aCold war in the Islamic world : _bSaudi Arabia, Iran and the struggle for supremacy / _cDilip Hiro |
||
| 260 |
_aNoida : _bHarper Collins, _c2018. |
||
| 300 |
_axxi, 460 p. _c22 cm. |
||
| 504 | _aincludes bibliographical reference and index | ||
| 650 | _aHistory and geography | ||
| 650 | _aWar -- Islamic countries | ||
| 942 |
_2ddc _cBK _n0 |
||
| 999 |
_c2563 _d2563 |
||